| 000 | 00540cam a2200193 4500 | ||
|---|---|---|---|
| 001 | D8106 | ||
| 008 | 090401t1964 xxu||||| |||| 00| 0 eng d | ||
| 035 | _a(Sirsi) u11200 | ||
| 041 | _aeng | ||
| 050 | _a336.212 | ||
| 110 |
_aRating and Valuation Association _91873 |
||
| 245 | _aRating of site values: report on a pilot study at Whitstable [report by H.Mark Wilks] | ||
| 260 |
_aLondon _bRVA _c1964 |
||
| 300 | _avii. 39. 369p. ill. 36p of maps | ||
| 350 | _a3.15 | ||
| 650 | _aSITE VALUE RATING | ||
| 942 | _n0 | ||
| 948 | _c04/03/1997 | ||
| 999 |
_c86830 _d86830 |
||